The High fructose adventures of annoying orange [ volume 1: escape from the kitchen

Bibliographic Details
Format: Book
Published: s.l. : s.n. , 2013
Subjects:

MARC

LEADER 00000cam a2200000 7i4500
001 0000200023
005 20151229.0
090 0 0 |a J 372.5   |b HIG 
245 0 4 |a The High fructose adventures of annoying orange [  |h digital video disc] :   |b volume 1: escape from the kitchen 
260 |a s.l. :   |b s.n. ,   |c 2013 
300 |a 1 digital video disc (113 minutes) :   |b col 
500 |a Library has 2 copies 
521 0 |a General viewing for all ages (U) 
650 0 0 |a Children   |x Education   |x Activity programs 
999 |a AV 37247   |b DIGITAL VIDEO DISC   |c PINJAMAN   |e PERPUSTAKAAN KOMUNITI PETALING JAYA 
999 |a AV 37248   |b DIGITAL VIDEO DISC   |c PINJAMAN   |e PERPUSTAKAAN KOMUNITI PETALING JAYA